00415nam a22001457a 450000500170000000800410001702200130005804100130007108200130008410000130009724500590011026000480016930000260021765000260024320240318103604.0240318b |||||||| |||| 00| 0 eng d a0258249X aEnglish  a349 IND  lEnglish  aIndustrial Law Journal : cedited by M Brassey et al.  aCape Town : bJuta and Company Ltd, c1986  b181 pages ; c25 cm.  aLegal practice bLaw